Liberalizácia kapitálových tokov je jedným z predpokladov prijatia Slovenska do OECD
Etapy pripravovanej liberalizácie kapitálových tokov - uvoľnenie nákupu nehnuteľností rezidentmi, liberalizovanie vývozu a dovozu bankoviek a mincí v domácej a cudzej mene, liberalizácia úverov zo zahraničia a úverov poskytovaných do zahraničia, uvoľňovanie operácií s cennými papiermi, zrušenie tran...
Salvato in:
| Autore principale: | |
|---|---|
| Natura: | Capitolo di libro |
| Lingua: | slovacco |
| Soggetti: | |
| Tags: |
Nessun Tag, puoi essere il primo ad aggiungerne!!
|
MARC
| LEADER | 00000naa a2200000 4500 | ||
|---|---|---|---|
| 001 | r021472 | ||
| 005 | 20230921075259.7 | ||
| 041 | 0 | |a slo | |
| 044 | |a SK | ||
| 245 | 1 | 0 | |a Liberalizácia kapitálových tokov je jedným z predpokladov prijatia Slovenska do OECD |c S. Kubinec |
| 520 | |a Etapy pripravovanej liberalizácie kapitálových tokov - uvoľnenie nákupu nehnuteľností rezidentmi, liberalizovanie vývozu a dovozu bankoviek a mincí v domácej a cudzej mene, liberalizácia úverov zo zahraničia a úverov poskytovaných do zahraničia, uvoľňovanie operácií s cennými papiermi, zrušenie transferovej povinnosti. NBS uvažuje o uvoľnení ponukovej povinnosti. | ||
| 610 | 2 | 0 | |a Slovensko |
| 610 | 2 | 0 | |a liberalizácia |
| 610 | 2 | 0 | |a trh kapitálový |
| 610 | 2 | 0 | |a OECD |
| 610 | 2 | 0 | |a papiere cenné |
| 610 | 2 | 0 | |a obchod zahraničný |
| 610 | 2 | 0 | |a úver zahraničný |
| 610 | 2 | 0 | |a rezidenti |
| 100 | 1 | |a Kubinec, S. | |